000 00204nam a2200085Ia 4500
008 120527s9999 xx 000 0 und d
100 _aGRIFFIHS, D.J
245 _aIntroduction to Electodynamics
942 _cBK
999 _c25564
_d25564